Normal view
MARC view
Entry Topical Term
001 - CONTROL NUMBER
- control field: 4338
003 - CONTROL NUMBER IDENTIFIER
- control field: BD-RjUL
005 - DATE AND TIME OF LATEST TRANSACTION
- control field: 20220808125148.0
008 - FIXED-LENGTH DATA ELEMENTS
- fixed length control field: 220808|| aca||aabn | a|a d
040 ## - CATALOGING SOURCE
- Original cataloging agency: BD-RjUL
- Transcribing agency: BD-RjUL
150 ## - HEADING--TOPICAL TERM
- Topical term or geographic name entry element: Materials
- General subdivision: Analysis
670 ## - SOURCE DATA FOUND
- Source citation: Work cat.: (BD-RjUL)80188: Loretto, M. H. 4337, Electron beam analysis of materials /, 1984.